| 000 | 00372nam a22001337a 4500 | ||
|---|---|---|---|
| 082 |
_a515.64 _bGRE |
||
| 100 |
_aGreen, J . W _939326 |
||
| 245 |
_aAspects of the calculus of variations _cJ.W Green |
||
| 260 |
_aCalifornia _bCambridge University Press London _c1939. |
||
| 300 | _a96 | ||
| 526 |
_a0 _b0 _c0 _d515_640000000000000_GRE |
||
| 650 |
_aMCE _9379 |
||
| 942 |
_2ddc _cBK |
||
| 999 |
_c543827 _d543827 |
||